[Event "XLI MIEDZYNARODOWY MEMORIAL LUDWIKA ZAMENHOFA 2022 - open A"]
[Site "Bialystok"]
[Date "1899-12-30"]
[Round "8.11"]
[White "Olszewski, Michal"]
[Black "Vardanyan, Aras"]
[Result "1-0"]
[WhiteTitle "GM"]
[BlackTitle "CM"]
[WhiteElo "2521"]
[BlackElo "2271"]

1. e4 c5 2. Nf3 d6 3. d4 cxd4 4. Nxd4 Nf6 5. Nc3 a6 6. Be3 e5 7. Nf3 Be7 8. Bc4
Be6 9. Qe2 O-O 10. O-O b5 11. Bb3 Nc6 12. Rfd1 h6 13. a4 Bxb3 14. cxb3 b4 15.
Nd5 Nxd5 16. Rxd5 Qb8 17. Nd2 Bg5 18. Nc4 Bxe3 19. fxe3 Rd8 20. Rad1 Qc7 21. Nxd6
Rxd6 22. Rxd6 Nd4 23. R6xd4 exd4 24. exd4 a5 25. e5 Rd8 26. Qc4 Qe7 27. h3 Qg5
28. Rf1 Rd7 29. Kh2 Kh7 30. Rxf7 1-0

[Event "XLI MIEDZYNARODOWY MEMORIAL LUDWIKA ZAMENHOFA 2022 - open A"]
[Site "Bialystok"]
[Date "1899-12-30"]
[Round "8.12"]
[White "Fus, Jakub"]
[Black "Jarocka, Liwia"]
[Result "1-0"]
[WhiteTitle "FM"]
[BlackTitle "FM"]
[WhiteElo "2405"]
[BlackElo "2143"]

1. d4 d5 2. c4 c6 3. Nc3 Nf6 4. Nf3 e6 5. e3 Nbd7 6. Be2 Bd6 7. O-O O-O 8. b3 b6
9. Bb2 Bb7 10. Bd3 c5 11. cxd5 Nxd5 12. Nxd5 Bxd5 13. Rc1 cxd4 14. Nxd4 Nc5 15.
Bc4 Qg5 16. Bxd5 Qxd5 17. Qe2 Qg5 18. Rc4 Qh6 19. g3 f5 20. b4 Ne4 21. Nc6 Rae8
22. Rd1 e5 23. Rd5 Bc7 24. Nxe5 Nf6 25. Rxc7 Nxd5 26. Qc4 Rd8 27. Nc6 b5 28. Qb3
Rd6 29. Ne7+ Kh8 30. Nxd5 Rg6 31. Nf4 Rg4 32. h3 Rg5 33. Qe6 Qh4 34. Rxg7 1-0

[Event "XLI MIEDZYNARODOWY MEMORIAL LUDWIKA ZAMENHOFA 2022 - open A"]
[Site "Bialystok"]
[Date "1899-12-30"]
[Round "8.15"]
[White "Posaskov, Nikita"]
[Black "Malek, Jan"]
[Result "0-1"]
[WhiteTitle "k"]
[BlackTitle "m"]
[WhiteElo "2061"]
[BlackElo "2376"]

1. d4 Nf6 2. c4 e6 3. g3 d5 4. Bg2 dxc4 5. Nf3 a6 6. O-O Nc6 7. e3 Rb8 8. Qe2 b5
9. Bd2 Bb7 10. b3 cxb3 11. axb3 Bd6 12. Rc1 O-O 13. Ne1 Qd7 14. Nd3 Rfd8 15. Ra2
h6 16. Nc5 Bxc5 17. Rxc5 Nd5 18. Rac2 Ba8 19. Qe1 b4 20. Qc1 Rb6 21. Be1 a5 22.
Nd2 Rdb8 23. Nc4 Ra6 24. Nb2 Na7 25. Na4 Nb5 26. Bf1 Ra7 27. f3 Na3 28. Rf2 Nb6
29. Nb2 Qd6 30. Bd2 Nd7 31. Rh5 e5 32. e4 exd4 33. Bh3 Rb5 34. Rh4 Rc5 35. Qd1
Ne5 36. Rh5 Nd3 37. Nxd3 Rxh5 38. Bg4 Rb5 39. Re2 Qe7 40. Re1 a4 41. bxa4 Rb6
42. a5 Raa6 43. axb6 Rxb6 44. e5 Nc4 45. e6 Nxd2 46. exf7+ Qxf7 47. Qxd2 0-1

[Event "XLI MIEDZYNARODOWY MEMORIAL LUDWIKA ZAMENHOFA 2022 - open A"]
[Site "Bialystok"]
[Date "1899-12-30"]
[Round "8.16"]
[White "Psyk, Radoslaw"]
[Black "Chyzy, Jakub"]
[Result "1-0"]
[WhiteTitle "k++"]
[BlackTitle "FM"]
[WhiteElo "2438"]
[BlackElo "2247"]

1. e4 e5 2. Nc3 Nf6 3. Bc4 Nc6 4. d3 Na5 5. Bb3 Nxb3 6. axb3 Bc5 7. Nf3 d6 8. Na4
Qe7 9. Nxc5 dxc5 10. h3 O-O 11. Bg5 b6 12. Nd2 h6 13. Bh4 Qe6 14. g4 Ne8 15. Nc4
f6 16. Ne3 g5 17. Bg3 Qf7 18. h4 Nd6 19. hxg5 hxg5 20. Qd2 Qg7 21. Rh5 Kf7 22.
b4 c4 23. dxc4 Be6 24. Nf5 Nxf5 25. gxf5 Bxc4 26. Qc3 Bb5 27. O-O-O Kg8 28. Rdh1
Be8 29. Rh6 c5 30. bxc5 Rc8 31. Bxe5 fxe5 32. Qh3 g4 33. Qh4 Rxc5 34. Rh8+ Kf7
35. Rh7 1-0

[Event "XLI MIEDZYNARODOWY MEMORIAL LUDWIKA ZAMENHOFA 2022 - open A"]
[Site "Bialystok"]
[Date "1899-12-30"]
[Round "8.18"]
[White "Golecki, Jan"]
[Black "Stremavicius, Pijus"]
[Result "0-1"]
[WhiteTitle "k"]
[BlackTitle "FM"]
[WhiteElo "2152"]
[BlackElo "2369"]

1. e4 c6 2. Nc3 d5 3. Nf3 dxe4 4. Nxe4 Nf6 5. Qe2 Nxe4 6. Qxe4 Nd7 7. Bc4 Nf6 8.
Qf4 e6 9. d4 Bd6 10. Qg5 O-O 11. O-O b6 12. Bd3 Bb7 13. Qh4 Be7 14. Bg5 g6 15.
Rad1 Re8 16. Rfe1 Nd7 17. Re3 Nf8 18. Be4 f6 19. Bh6 f5 20. Qf4 fxe4 21. Ne5 Bf6
22. Ng4 Nd7 23. Rxe4 Qe7 24. Rde1 c5 25. Rxe6 Qf7 26. Qd6 Bxd4 27. Re7 Rxe7 28.
Rxe7 Re8 29. Bf8 Rxe7 30. Bxe7 Qd5 31. Qg3 Qe4 32. Nh6+ Kg7 33. h4 Kxh6 34. Bf8+
0-1

[Event "XLI MIEDZYNARODOWY MEMORIAL LUDWIKA ZAMENHOFA 2022 - open A"]
[Site "Bialystok"]
[Date "1899-12-30"]
[Round "8.19"]
[White "Malisauskas, Vidmantas"]
[Black "Luberanski, Jakub"]
[Result "1/2-1/2"]
[WhiteTitle "GM"]
[BlackTitle "FM"]
[WhiteElo "2364"]
[BlackElo "2243"]

1. Nf3 Nf6 2. c4 e6 3. g3 d5 4. Bg2 Be7 5. O-O O-O 6. d4 dxc4 7. Qa4 a6 8. Qxc4
b5 9. Qc2 Bb7 10. Bf4 Nc6 11. Rd1 Nb4 12. Qc1 Nbd5 13. Nc3 Nxf4 14. Qxf4 Bd6 15.
Ne5 Bxg2 16. Kxg2 Qb8 17. Qf3 c5 18. Nc6 Qc7 19. dxc5 Bxc5 20. Ne4 Nxe4 21. Qxe4
Rac8 22. Nd4 Qb6 23. e3 Bxd4 24. Rxd4 Rfd8 25. Rad1 g6 26. Qe5 Rxd4 27. Rxd4 Rd8
28. Rxd8+ Qxd8 29. e4 h5 30. h3 Qd3 31. a3 Qc4 32. g4 hxg4 33. hxg4 Qe2 34. Kg3
Qe1 35. Qd4 Qg1+ 36. Kf4 Qc1+ 37. Kf3 g5 38. Qf6 Qd1+ 1/2-1/2

[Event "XLI MIEDZYNARODOWY MEMORIAL LUDWIKA ZAMENHOFA 2022 - open A"]
[Site "Bialystok"]
[Date "1899-12-30"]
[Round "8.20"]
[White "Maj, Pawel"]
[Black "Paszewski, Mateusz"]
[Result "1/2-1/2"]
[WhiteTitle "k"]
[BlackTitle "FM"]
[WhiteElo "2203"]
[BlackElo "2282"]

1. c4 Nf6 2. g3 c6 3. Nf3 d5 4. b3 Bf5 5. Bg2 e6 6. Bb2 h6 7. d3 Be7 8. Nbd2 O-O
9. O-O Nbd7 10. Re1 Bh7 11. Rc1 Re8 12. Rc2 Bd6 13. Qa1 e5 14. cxd5 cxd5 15. e4
d4 16. Rec1 1/2-1/2

[Event "XLI MIEDZYNARODOWY MEMORIAL LUDWIKA ZAMENHOFA 2022 - open A"]
[Site "Bialystok"]
[Date "1899-12-30"]
[Round "8.21"]
[White "Krzywda, Andrzej"]
[Black "Szewczyk, Mariusz"]
[Result "1-0"]
[WhiteTitle "CM"]
[BlackTitle "k"]
[WhiteElo "2262"]
[BlackElo "2094"]

1. d4 Nf6 2. c4 e6 3. g3 d5 4. Bg2 Be7 5. Nf3 O-O 6. O-O dxc4 7. Ne5 Nc6 8. Bxc6
bxc6 9. Nxc6 Qe8 10. Nxe7+ Qxe7 11. Qa4 e5 12. dxe5 Qxe5 13. Qxc4 Be6 14. Qc2
Bf5 15. Qd2 Rfe8 16. Nc3 Ne4 17. Nxe4 Qxe4 18. Re1 Bg4 19. Qc3 c6 20. Bf4 Bxe2
21. Rac1 Qf3 22. Qxc6 Qxc6 23. Rxc6 Bf3 24. Rxe8+ Rxe8 25. Rc1 Rd8 26. Be3 a6
27. Kf1 f6 28. Ke1 Kf7 29. b4 Rd3 30. a4 Ra3 31. Rc7+ Kg6 32. Kd2 Rxa4 33. Bc5
Ra2+ 34. Ke3 Ra3+ 35. Kd4 Kf5 36. b5 Ra5 37. b6 g5 38. Rxh7 g4 39. Re7 Bg2 40.
Re2 Rb5 41. Re7 Ra5 42. Ra7 Bf3 43. Rc7 Rb5 44. Kc3 Ke6 45. Be3 Kf5 46. Rh7 Rb1
47. Ra7 Ra1 48. Kb2 Ra5 49. Kb3 Rb5+ 50. Kc3 Ra5 51. Rh7 Ra1 52. Bd4 Rc1+ 53.
Kb2 Rc4 54. Be3 Bg2 55. Ka3 Rc8 56. Bf4 Rc3+ 57. Kb2 Rc4 58. Kb3 Rc6 59. Bc7 Rc1
60. Kb2 Rc4 61. Re7 Bd5 62. Re1 Bb7 63. Kb3 Bd5 64. Kb2 Bb7 65. Re8 Bg2 66. Re7
Bf3 67. Re1 Bb7 68. Re2 Bf3 69. Rd2 Ke6 70. Ka3 Bb7 71. Bf4 Rc6 72. Be3 Rd6 73.
Rb2 Rd5 74. Rb4 Ra5+ 75. Kb3 Rb5 76. Rxb5 axb5 77. Kb4 Kd5 78. Kxb5 f5 79. Bf4
Bc8 80. Kb4 Bb7 81. Kc3 Bc8 82. Kd3 Bb7 83. Ke3 Kc5 84. Bc7 Be4 85. Kf4 Kc6 86.
Bd8 Kb7 87. Ke5 Kc6 88. Bc7 Kb7 89. Kd6 Bf3 90. Kc5 Be4 91. Bf4 Bf3 92. Be3 Be4
93. Kd6 Bf3 94. Ke5 Be4 95. Kf4 Kc6 96. f3 Bxf3 97. h4 Kd6 98. Kxf5 Ke7 99. Kg6
Be4+ 100. Kg7 1-0

[Event "XLI MIEDZYNARODOWY MEMORIAL LUDWIKA ZAMENHOFA 2022 - open A"]
[Site "Bialystok"]
[Date "1899-12-30"]
[Round "8.22"]
[White "Waszczuk, Patrycja"]
[Black "Seemann, Jakub"]
[Result "0-1"]
[WhiteTitle "WFM"]
[BlackTitle "FM"]
[WhiteElo "2251"]
[BlackElo "2365"]

1. e4 c6 2. d4 d5 3. exd5 cxd5 4. Nf3 Nc6 5. c3 Nf6 6. Bd3 Bg4 7. Bf4 e6 8. h3
Bh5 9. Nbd2 Bd6 10. Bxd6 Qxd6 11. Qb3 O-O 12. O-O Rab8 13. a4 Qf4 14. Rfe1 Rfe8
15. Re3 Bg6 16. Bxg6 hxg6 17. Qc2 Rbc8 18. Qd3 Nd7 19. Rae1 Ne7 20. Ne5 Nxe5 21.
Rxe5 Nc6 22. R5e3 Na5 23. Re5 Nc6 24. R5e3 Na5 25. Re5 a6 26. Qe3 Qxe3 27. R5xe3
Rc6 28. Ra1 Rec8 29. Kf1 b6 30. Ke2 Nb7 31. Kd3 Nd6 32. Ree1 Kf8 33. Ra2 Ke7 34.
Raa1 g5 35. Re2 a5 36. Ree1 Nf5 37. Nf3 f6 38. Re2 Kd7 39. Rae1 Ne7 40. Rd2 Ng6
41. Ke2 Nf4+ 42. Kf1 Rc4 43. Ra1 Kd6 44. Rdd1 R4c7 45. Ng1 Rh8 46. f3 Ng6 47.
Ne2 Re8 48. Ng3 Nf4 49. Ne2 Rb8 50. Nxf4 gxf4 51. Ke2 g5 52. Rd2 Rd8 53. Kd3 e5
54. Re1 Re8 55. Rde2 Rce7 56. b3 Kc6 57. c4 Kd6 58. cxd5 Kxd5 59. dxe5 Rxe5 60.
Rxe5+ fxe5 61. Rc1 e4+ 62. fxe4+ Rxe4 63. Rc7 Re3+ 64. Kd2 Rg3 65. Rd7+ Kc5 66.
Rg7 Rxg2+ 67. Kc3 Rg3+ 68. Kc2 Kb4 69. Rg6 Rc3+ 70. Kd2 Rxb3 71. Rxb6+ Kxa4 72.
Rg6 Rg3 73. Kc2 Ka3 0-1

[Event "XLI MIEDZYNARODOWY MEMORIAL LUDWIKA ZAMENHOFA 2022 - open A"]
[Site "Bialystok"]
[Date "1899-12-30"]
[Round "8.23"]
[White "Paprocki, Jaroslaw"]
[Black "Czernek, Tymon"]
[Result "0-1"]
[WhiteTitle "k++"]
[BlackTitle "FM"]
[WhiteElo "2158"]
[BlackElo "2302"]

1. d4 d5 2. c4 e6 3. Nc3 Nf6 4. cxd5 exd5 5. Bg5 Be7 6. e3 c6 7. Qc2 Nbd7 8. Bd3
Nh5 9. Bxe7 Qxe7 10. Nge2 g6 11. h3 Nb6 12. g4 Ng7 13. O-O-O Bd7 14. e4 dxe4 15.
Bxe4 f5 16. gxf5 Bxf5 17. Bxf5 Nxf5 18. d5 O-O 19. dxc6 bxc6 20. Qe4 Qc5 21. Kb1
Rae8 22. Qc2 Qxf2 23. Ne4 Qf3 24. N2c3 Ne3 25. Nd2 Qxd1+ 0-1

[Event "XLI MIEDZYNARODOWY MEMORIAL LUDWIKA ZAMENHOFA 2022 - open A"]
[Site "Bialystok"]
[Date "1899-12-30"]
[Round "8.24"]
[White "Zalega, Maciej"]
[Black "Chylewski, Patryk"]
[Result "1/2-1/2"]
[WhiteTitle "I++"]
[BlackTitle "IM"]
[WhiteElo "2116"]
[BlackElo "2291"]

1. e4 c5 2. Nf3 d6 3. d4 cxd4 4. Nxd4 Nf6 5. Nc3 a6 6. h4 e5 7. Nb3 Be7 8. Be2
Be6 9. f4 exf4 10. Bxf4 Nc6 11. Qd2 Ne5 12. Nd4 Qa5 13. Nf5 Bxf5 14. exf5 O-O-O
15. O-O-O h5 16. Kb1 Kb8 17. Rhe1 Ka8 18. Bg5 Rhe8 19. g3 Nc6 20. Bxf6 Bxf6 21.
Nd5 Qxd2 22. Rxd2 Re5 23. Nxf6 1/2-1/2

[Event "XLI MIEDZYNARODOWY MEMORIAL LUDWIKA ZAMENHOFA 2022 - open A"]
[Site "Bialystok"]
[Date "1899-12-30"]
[Round "8.25"]
[White "Rudzinska, Michalina"]
[Black "Greicius, Pijus"]
[Result "1-0"]
[WhiteTitle "WFM"]
[BlackTitle "k"]
[WhiteElo "2256"]
[BlackElo "2076"]

1. e4 e5 2. Nf3 Nc6 3. Nc3 Nf6 4. Bb5 Nd4 5. Bc4 Bc5 6. O-O d6 7. h3 c6 8. a4 O-O
9. d3 Re8 10. Ba2 Be6 11. Nxd4 Bxd4 12. Ne2 Bxa2 13. Rxa2 d5 14. Ng3 g6 15. Qf3
Qd6 16. a5 a6 17. c3 Ba7 18. Bh6 Qe6 19. Raa1 Bc5 20. exd5 cxd5 21. Rfe1 Bf8 22.
Bxf8 Kxf8 23. d4 e4 24. Qf4 Rad8 25. f3 Qd6 26. Qh6+ Kg8 27. f4 Kh8 28. Qh4 Nd7
29. Qh6 Nf8 30. Ra4 Ne6 31. Ne2 Qe7 32. Rb4 Ng7 33. g4 Rd6 34. Qg5 f6 35. Qh4
Qc7 36. f5 gxf5 37. Nf4 Rd7 38. Qh6 fxg4 39. hxg4 f5 40. Rb6 Red8 41. Kg2 Rd6
42. Qh2 Qf7 43. Rh1 h6 44. Qxh6+ 1-0

[Event "XLI MIEDZYNARODOWY MEMORIAL LUDWIKA ZAMENHOFA 2022 - open A"]
[Site "Bialystok"]
[Date "1899-12-30"]
[Round "8.27"]
[White "Jarzebowski, Kacper"]
[Black "Janeczko, Jakub"]
[Result "1-0"]
[WhiteTitle "k+"]
[BlackTitle "I++"]
[WhiteElo "2086"]
[BlackElo "2247"]

1. Nf3 g6 2. g3 Bg7 3. Bg2 d5 4. c4 dxc4 5. Na3 e5 6. O-O Ne7 7. Nxc4 Nbc6 8. d3
O-O 9. Bd2 h6 10. Rc1 Be6 11. b4 b5 12. Ne3 Nd4 13. Rc5 Qd6 14. Nc2 Nxf3+ 15.
Bxf3 c6 16. Qc1 Kh7 17. a4 bxa4 18. Qa3 Bb3 19. Na1 a5 20. Nxb3 axb3 21. Qxb3
a4 22. Qa2 f5 23. Rfc1 e4 24. dxe4 fxe4 25. Bxe4 Bd4 26. Rxc6 Nxc6 27. Rxc6 Bxf2+
28. Kg2 Qe5 29. Re6 Qg7 30. Rxg6 Qxg6 31. Bxg6+ Kxg6 32. Qe6+ 1-0

[Event "XLI MIEDZYNARODOWY MEMORIAL LUDWIKA ZAMENHOFA 2022 - open A"]
[Site "Bialystok"]
[Date "1899-12-30"]
[Round "8.28"]
[White "Dwilewicz, Katarzyna"]
[Black "Kubicka, Anna"]
[Result "0-1"]
[WhiteTitle "WFM"]
[BlackTitle "WIM"]
[WhiteElo "2123"]
[BlackElo "2217"]

1. e4 c6 2. Nc3 d5 3. Nf3 Bg4 4. h3 Bxf3 5. Qxf3 Nf6 6. e5 Nfd7 7. d4 e6 8. Be3
c5 9. Qg3 Nc6 10. O-O-O a6 11. f4 g6 12. dxc5 Bxc5 13. Bxc5 Nxc5 14. Kb1 b5 15.
Qf2 Qe7 16. g4 b4 17. Ne2 Rb8 18. Bg2 Na4 19. Ka1 O-O 20. h4 Rb5 21. h5 Ra5 22.
Rh3 Nc5 23. Nd4 Nxd4 24. Qxd4 Rb8 25. b3 g5 26. h6 Nd7 27. Rh5 gxf4 28. Qxf4 Kh8
29. Rg5 Rg8 30. Rg7 Rxg7 31. hxg7+ Kxg7 32. Rh1 f6 33. Qh6+ Kh8 34. g5 fxg5 35.
Rf1 Rc5 36. Bh3 Qg7 37. Qxe6 Qxe5+ 38. Qxe5+ Nxe5 39. Rf5 d4 40. Rxg5 d3 41. Be6
h6 42. Rg8+ Kh7 43. Re8 dxc2 44. Bf5+ Kg7 45. Bxc2 Kh8 46. Rxh8 Rxc2 0-1

[Event "XLI MIEDZYNARODOWY MEMORIAL LUDWIKA ZAMENHOFA 2022 - open A"]
[Site "Bialystok"]
[Date "1899-12-30"]
[Round "8.29"]
[White "Backiel, Hubert"]
[Black "Wikar, Martyna"]
[Result "0-1"]
[WhiteTitle "k"]
[BlackTitle "WFM"]
[WhiteElo "2208"]
[BlackElo "2185"]

1. e4 c5 2. Nf3 d6 3. Bb5+ Nd7 4. c3 a6 5. Bd3 Ngf6 6. O-O g6 7. Bc2 Bg7 8. d4
O-O 9. e5 Ne8 10. Bb3 dxe5 11. dxe5 Nc7 12. Qe2 Ne6 13. a4 Qc7 14. Re1 b6 15.
Bd5 Bb7 16. c4 b5 17. axb5 axb5 18. Rxa8 Rxa8 19. Qe4 Rb8 20. Nc3 bxc4 21. Bxb7
Qxb7 22. Qxc4 Nb6 23. Qh4 Rd8 24. Bh6 Nd5 25. Bxg7 Kxg7 26. Nxd5 Rxd5 27. h3 h6
28. Qc4 Rd7 29. Qc3 Qb5 30. Qc2 Qd3 31. Rc1 Qxc2 32. Rxc2 Rd1+ 33. Kh2 g5 34.
Rd2 Rxd2 35. Nxd2 Kg6 36. g4 h5 37. Ne4 h4 38. b3 Kg7 39. Kg2 Kf8 40. Kf3 Ke8
41. Nc3 Kd7 42. Ke4 Nf4 43. Kf5 Nxh3 44. Ne4 Kc6 45. e6 f6 46. Nxf6 Nxf2 47. Nd7
h3 48. Ne5+ Kd5 49. Nf3 Ne4 50. Nh2 Kd4 51. Kg6 Ke3 52. Kf7 Kf2 53. Kxe7 Kg2 54.
Kd7 Kxh2 55. e7 Nf6+ 56. Ke6 Ne8 57. Kd7 Ng7 58. e8=N Nxe8 0-1

[Event "XLI MIEDZYNARODOWY MEMORIAL LUDWIKA ZAMENHOFA 2022 - open A"]
[Site "Bialystok"]
[Date "1899-12-30"]
[Round "8.30"]
[White "Salna, Aleksandras"]
[Black "Kaczmarek, Arkadiusz"]
[Result "0-1"]
[WhiteTitle "k"]
[BlackTitle "I++"]
[WhiteElo "2191"]
[BlackElo "2141"]

1. d4 d5 2. c4 dxc4 3. e4 e5 4. Nf3 Bb4+ 5. Bd2 Bxd2+ 6. Nbxd2 exd4 7. Bxc4 Nc6
8. b4 Qf6 9. b5 Na5 10. Bd3 Ne7 11. Qa4 b6 12. e5 Qh6 13. Qa3 c5 14. bxc6 Naxc6
15. Qd6 O-O 16. Qxh6 gxh6 17. O-O Be6 18. a3 Rfd8 19. Rac1 Na5 20. Ne4 Nb3 21.
Rcd1 Nd5 22. Bc4 Nc3 23. Bxe6 fxe6 24. Rde1 Rac8 25. Nfd2 Nxd2 26. Nxd2 b5 27.
f4 a5 28. f5 exf5 29. Rf2 f4 30. Rxf4 Rd6 31. Rf5 Rd5 32. Rf2 d3 33. e6 Ne2+ 34.
Kf1 Re5 35. Rf6 Rf8 36. Rxf8+ Kxf8 37. Rb1 Ke7 38. Rb3 Rd5 39. Kf2 Kxe6 40. g3
Kd6 41. Ke3 Re5+ 42. Kf2 Nc1 43. Rb2 Re2+ 44. Kf3 Kc6 45. h4 a4 46. Rb1 Rxd2 47.
Rxc1+ Rc2 48. Rf1 Kd5 49. Ke3 Kc4 50. Rb1 Re2+ 51. Kf3 Re7 52. Rb4+ Kc3 53. Rxb5
d2 54. Rc5+ Kb2 55. Rd5 Kc1 56. Rc5+ Kd1 57. Kf2 Rf7+ 58. Kg2 Ke2 59. Re5+ Kd3
60. Rd5+ Kc3 61. Rd6 Re7 62. Kf2 Re1 0-1

[Event "XLI MIEDZYNARODOWY MEMORIAL LUDWIKA ZAMENHOFA 2022 - open A"]
[Site "Bialystok"]
[Date "1899-12-30"]
[Round "8.31"]
[White "Baginskaite, Kamile"]
[Black "Dzhuguryan, Tygran"]
[Result "1-0"]
[WhiteTitle "WGM"]
[BlackTitle "k+"]
[WhiteElo "2117"]
[BlackElo "2134"]

1. d4 Nf6 2. Nf3 e6 3. c4 d5 4. Nc3 Be7 5. Bg5 O-O 6. e3 Nbd7 7. cxd5 exd5 8. Bd3
Re8 9. O-O c6 10. Qc2 h6 11. Bf4 Nf8 12. h3 Ne6 13. Bh2 Bd6 14. Bxd6 Qxd6 15.
Ne5 a6 16. f4 c5 17. Qf2 Bd7 18. Rad1 cxd4 19. exd4 b5 20. a3 b4 21. axb4 Reb8
22. f5 Ng5 23. h4 Nge4 24. Bxe4 dxe4 25. g4 Bb5 26. Rfe1 Bd3 27. g5 Nd7 28. Nxd3
exd3 29. b5 Re8 30. Rxd3 Ne5 31. Rde3 Qxd4 32. Rxe5 Qxe5 33. Rxe5 Rxe5 34. b6
hxg5 35. hxg5 Rae8 36. b7 f6 37. Qa7 1-0

[Event "XLI MIEDZYNARODOWY MEMORIAL LUDWIKA ZAMENHOFA 2022 - open A"]
[Site "Bialystok"]
[Date "1899-12-30"]
[Round "8.32"]
[White "Wojdak, Jan"]
[Black "Lach, Aleksandra"]
[Result "1-0"]
[WhiteTitle "k"]
[BlackTitle "WIM"]
[WhiteElo "2115"]
[BlackElo "2191"]

1. e4 c5 2. Nf3 Nc6 3. Bb5 e5 4. O-O Bd6 5. c3 a6 6. Ba4 b5 7. Bc2 Nge7 8. Re1
O-O 9. a4 Rb8 10. d4 cxd4 11. cxd4 h6 12. dxe5 Bc7 13. axb5 axb5 14. Nc3 Nxe5
15. Nxe5 Bxe5 16. f4 Bxc3 17. bxc3 Qb6+ 18. Kh1 Rd8 19. Ba3 d6 20. Bb4 Rd7 21.
Qd3 Ng6 22. Qg3 Bb7 23. Bb3 Kh7 24. Rad1 Rbd8 25. h4 d5 26. f5 dxe4 27. fxg6+
Qxg6 28. Qxg6+ Kxg6 29. Kg1 f5 30. Ba5 Rxd1 31. Bxd1 Ra8 32. Bc7 Kf6 33. h5 Rc8
34. Bb6 f4 35. Bd4+ Kf5 36. Be2 Bc6 37. Ra1 f3 38. gxf3 exf3 39. Bd3+ Be4 40.
Bxb5 Rb8 41. Ra5 Kf4 42. Kf2 g5 43. hxg6 Bxg6 44. Be3+ Ke4 45. Ra4+ Kd5 46. c4+
Ke4 47. c5+ Kd5 48. Bc4+ Ke5 49. Kxf3 Rf8+ 50. Ke2 h5 51. Bd3 Be8 52. Rh4 Rg8
53. Bf4+ Kd5 54. Bd6 Rg4 55. Rxg4 hxg4 56. Kf2 Bd7 57. Kg3 Kd4 58. Be2 Kd5 59.
Bxg4 Ba4 60. Kf4 Bb5 61. Ke3 Ba4 62. Kd3 Be8 63. Bf3+ Ke6 64. Kd4 Kd7 65. Bd5
Bh5 66. Be5 Bg4 67. c6+ Kd8 68. Kc5 Kc8 69. Kd6 Kd8 70. Be6 1-0

[Event "XLI MIEDZYNARODOWY MEMORIAL LUDWIKA ZAMENHOFA 2022 - open A"]
[Site "Bialystok"]
[Date "1899-12-30"]
[Round "8.33"]
[White "Rozycki, Bartlomiej"]
[Black "Raczek, Krzysztof"]
[Result "1/2-1/2"]
[WhiteTitle "k++"]
[BlackTitle "k"]
[WhiteElo "2196"]
[BlackElo "2161"]

1. e4 c5 2. Nf3 Nc6 3. Bb5 d5 4. O-O dxe4 5. Ng5 Qd5 6. d3 exd3 7. Nc3 Qf5 8. Bxd3
Qd7 9. Qf3 Nf6 10. Bb5 h6 11. Rd1 hxg5 12. Rxd7 Bxd7 13. Bxg5 a6 14. Bxf6 axb5
15. Bg5 Nd8 16. Nd5 Ne6 17. Qg3 Rh5 18. h4 Bc6 19. Rd1 Rd8 20. Qe5 Rh8 21. c3
Rd6 22. Ne3 f6 23. Qf5 Rxd1+ 24. Nxd1 Kf7 25. Be3 Rxh4 26. f3 g6 27. Qc2 c4 28.
Bf2 Rh5 29. Ne3 Bh6 30. Nf1 Rd5 31. Be3 Bf8 32. Nd2 Rd3 33. Kf2 f5 34. b3 Bg7
35. Nb1 Bf6 36. a4 bxa4 37. bxc4 Rd8 38. Na3 Be5 39. Nb5 Ra8 40. Na3 Ra6 41. Ke2
Ra8 42. Qb2 Rh8 43. Nb5 Rh2 44. Kf2 f4 45. Bd4 Bb8 46. Qa3 Rh5 47. Qxa4 Nf8 48.
Qb4 Nd7 49. Na7 Bxa7 50. Bxa7 Ne5 51. Kg1 Rg5 52. Kf1 Nd7 1/2-1/2

[Event "XLI MIEDZYNARODOWY MEMORIAL LUDWIKA ZAMENHOFA 2022 - open A"]
[Site "Bialystok"]
[Date "1899-12-30"]
[Round "9.1"]
[White "Klimkowski, Jan"]
[Black "Teclaf, Pawel"]
[Result "1/2-1/2"]
[WhiteTitle "FM"]
[BlackTitle "IM"]
[WhiteElo "2447"]
[BlackElo "2555"]

1. e4 e5 2. Nf3 Nc6 3. Bb5 a6 4. Ba4 Nf6 5. O-O Nxe4 6. d4 b5 7. Bb3 d5 8. dxe5
Be6 9. Be3 Bc5 10. Qd3 O-O 11. Nc3 Bxe3 12. Qxe3 Nxc3 13. Qxc3 Qd7 14. Rad1 Rfd8
15. Ng5 h6 16. Nxe6 fxe6 17. f4 Ne7 18. Qc5 c6 19. c4 bxc4 20. Bxc4 Qa7 21. Qxa7
Rxa7 22. Bd3 1/2-1/2

[Event "XLI MIEDZYNARODOWY MEMORIAL LUDWIKA ZAMENHOFA 2022 - open A"]
[Site "Bialystok"]
[Date "1899-12-30"]
[Round "9.2"]
[White "Licznerski, Lukasz"]
[Black "Bernadskiy, Vitaliy"]
[Result "1/2-1/2"]
[WhiteTitle "IM"]
[BlackTitle "GM"]
[WhiteElo "2441"]
[BlackElo "2617"]

1. e4 e5 2. Nc3 Nf6 3. g3 Bc5 4. Bg2 Nc6 5. h3 a5 6. Nge2 d6 7. d3 a4 8. O-O Bd7
9. a3 h6 10. Kh1 Nd4 11. f4 Qe7 12. Be3 O-O 13. Bg1 Nxe2 14. Qxe2 Bxg1 15. Kxg1
c6 16. Rae1 Qd8 17. Qf2 Re8 18. Kh1 Qa5 19. d4 Qb6 20. dxe5 Qxf2 21. Rxf2 dxe5
22. Rd1 Be6 23. Bf1 b5 24. Rd6 Rac8 25. f5 Bd7 26. Rfd2 Re7 27. Kg2 Be8 28. Kf3
Rd7 29. Na2 Rxd6 30. Rxd6 Kf8 31. c4 Ke7 32. Rd2 bxc4 33. Nc3 Ra8 34. Bxc4 Nd7
35. g4 Nc5 36. h4 f6 37. Ke3 Ra7 38. Na2 Nd7 39. Nb4 Nb6 40. Be6 Ra5 41. Rc2 Kd6
42. Rg2 c5 43. Nd3 Bd7 44. Ba2 Bb5 45. Rd2 Bc4 46. Bb1 Bb3 47. Rg2 c4 48. Nc1
c3 49. Bd3 Rc5 50. bxc3 Rxc3 51. Kd2 Rc8 52. Rg3 Bc4 53. g5 hxg5 54. hxg5 Kc5
55. gxf6 gxf6 56. Rg7 Bxd3 57. Kxd3 Nc4 58. Ra7 Rd8+ 59. Kc3 Nxa3 60. Rxa4 Nb5+
61. Kc2 Rh8 62. Nd3+ Kb6 63. Kd2 Rh2+ 64. Ke3 Rh3+ 65. Kd2 Nd4 66. Ra8 Rh2+ 67.
Kd1 Kb5 68. Rc8 Re2 69. Rf8 Kc4 70. Nc1 Rxe4 71. Rxf6 Rh4 72. Rf8 e4 73. Rc8+
Kd5 74. Rd8+ Ke5 75. f6 Rh1+ 76. Kd2 Nf3+ 77. Ke3 Ng5 78. Ne2 Rh3+ 79. Kf2 Rf3+
80. Ke1 Rxf6 81. Re8+ Ne6 82. Ra8 e3 83. Ra5+ Ke4 84. Ra4+ Kf3 85. Ng1+ Kg2 86.
Rg4+ Kh2 87. Ke2 Nf4+ 88. Kxe3 Ng2+ 89. Rxg2+ 1/2-1/2

[Event "XLI MIEDZYNARODOWY MEMORIAL LUDWIKA ZAMENHOFA 2022 - open A"]
[Site "Bialystok"]
[Date "1899-12-30"]
[Round "9.3"]
[White "Baum, Jonasz"]
[Black "Azarov, Sergei"]
[Result "0-1"]
[WhiteTitle "IM"]
[BlackTitle "GM"]
[WhiteElo "2420"]
[BlackElo "2562"]

1. d4 d5 2. c4 e6 3. Nf3 Nf6 4. Nc3 Be7 5. g3 O-O 6. Bg2 Nbd7 7. Qd3 c6 8. O-O
b6 9. e4 a5 10. b3 Ba6 11. Rd1 b5 12. Nd2 bxc4 13. bxc4 Nb6 14. exd5 cxd5 15.
a4 dxc4 16. Qc2 Rc8 17. Nde4 Nxe4 18. Nxe4 Nd5 19. Nc5 Nb4 20. Qe2 Bxc5 21. dxc5
Qf6 22. Ra3 c3 23. Qe3 Rfd8 24. Rd6 Nc2 25. Qxc3 Qxc3 26. Rxc3 Rxd6 27. cxd6 Rxc3
28. d7 Rd3 29. Bc6 Rd1+ 30. Kg2 Bf1+ 31. Kf3 Nd4+ 0-1

[Event "XLI MIEDZYNARODOWY MEMORIAL LUDWIKA ZAMENHOFA 2022 - open A"]
[Site "Bialystok"]
[Date "1899-12-30"]
[Round "9.5"]
[White "Kosakowski, Jakub"]
[Black "Markowski, Tomasz"]
[Result "1/2-1/2"]
[WhiteTitle "IM"]
[BlackTitle "GM"]
[WhiteElo "2475"]
[BlackElo "2519"]

1. e4 e6 2. d4 d5 3. Nc3 Nf6 4. e5 Nfd7 5. f4 c5 6. Nf3 Nc6 7. Be3 a6 8. a3 Qb6
9. dxc5 Bxc5 10. Na4 Qa5+ 11. b4 Qxa4 12. bxc5 O-O 13. c4 Qa5+ 14. Qd2 Qxd2+ 15.
Kxd2 Rd8 16. Kc3 Ne7 17. Rb1 Nf8 18. Bd3 Rd7 19. Rhc1 Rc7 20. Kd2 Bd7 21. cxd5
Nxd5 22. Nd4 Ng6 23. Be4 Nge7 24. Ke2 Bc6 25. Nxc6 Nxc6 26. Bxd5 exd5 27. Rb3
Re8 28. Rcb1 Ree7 29. Rd3 d4 30. Bxd4 f6 31. Be3 fxe5 32. Kd2 Na5 33. Rb4 Nc6
34. Re4 exf4 35. Rxe7 Rxe7 36. Bxf4 Re4 37. Bg3 Kf7 38. Rb3 Na5 39. Rb4 Rxb4 40.
axb4 Nc6 41. Kc3 Ke6 42. Kc4 Na7 43. Bf2 h5 44. h3 g6 45. Bg3 Nb5 46. Bb8 Na3+
47. Kb3 Nb5 48. Kc4 Na3+ 1/2-1/2

[Event "XLI MIEDZYNARODOWY MEMORIAL LUDWIKA ZAMENHOFA 2022 - open A"]
[Site "Bialystok"]
[Date "1899-12-30"]
[Round "9.6"]
[White "Godzwon, Iwo"]
[Black "Nasuta, Grzegorz"]
[Result "0-1"]
[WhiteTitle "FM"]
[BlackTitle "GM"]
[WhiteElo "2391"]
[BlackElo "2546"]

1. e4 c5 2. Nf3 Nf6 3. e5 Nd5 4. Nc3 Nxc3 5. dxc3 Nc6 6. Bf4 Qb6 7. b3 Qc7 8. Qd2
e6 9. Bd3 h6 10. h4 a6 11. Be4 b6 12. Rd1 Bb7 13. h5 Ne7 14. Qe2 O-O-O 15. c4
Nc6 16. Qd2 Nd4 17. Bxb7+ Qxb7 18. Nxd4 cxd4 19. O-O g6 20. Qxd4 Bc5 21. Qd3 Rhg8
22. Be3 gxh5 23. f3 d5 24. Bxc5 bxc5 25. Qe3 d4 26. Qxh6 Rh8 27. Qf4 h4 28. Rfe1
Rdg8 29. Qe4 Rg3 30. Qxb7+ Kxb7 31. Kh2 Rhg8 32. Rd2 h3 33. Ree2 R8g6 34. gxh3
Rxf3 35. Rd3 Rf5 36. Rg3 Rh6 37. Kg2 Rhh5 38. Rf3 Rxf3 39. Kxf3 Rxh3+ 40. Kg4
Rc3 41. Rf2 Kc6 42. Kg5 Re3 43. Kf4 Kd7 44. a3 Rc3 45. Rd2 Ke7 46. Ke4 Re3+ 47.
Kf4 f6 48. exf6+ Kxf6 49. Rd3 e5+ 50. Kg4 Re2 51. Rh3 Rg2+ 52. Kf3 Rxc2 53. Rh6+
Kg5 54. Rxa6 Kf5 55. Rc6 e4+ 56. Kg3 Rc3+ 57. Kf2 Rxb3 58. Rxc5+ Kf4 59. Rb5 Rxa3
0-1